000 00347nam a22001337a 4500
008 170405b xxu||||| |||| 00| 0 eng d
020 _a9780397517633
041 _aeng
080 _23RD
_a616.34
100 _a9
101 _aSHM
245 _aPRIMER ON THE METABOLIC BONE DISEASES AND DISORDERS OF MINERAL METABOLISM
_cLIPPINCOT
942 _2udc
_cBK
999 _c9845
_d9845